[Event "Let's Play Chess!"]
[Site "http://www.queenalice.com/game.php?id=636127"]
[Date "2009.8.14"]
[Round "-"]
[White "forki"]
[Black "TioKekanha"]
[Result "1-0"]
[WhiteElo "1510"]
[BlackElo "1625"]

1. d4 d5 2. c4 e6 3. Nc3 Nf6 4. Bg5 Be7 5. e3 O-O 6. Bd3 dxc4 7. Bxc4 Ne4 8.
Bxe7 Nxc3 9. Bxd8 Nxd1 10. Bxc7 Nxb2 11. Bb3 Nd3+ 12. Ke2 Nb4 13. Bd6 Re8 14.
Bxb4 Nc6 15. Bc3 Ne7 16. Nf3 Bd7 17. a4 Nc6 18. Rhd1 Ne7 19. Ne5 Bc8 20. a5 Nc6
21. Nf3 a6 22. Ne5 f6 23. Nxc6 bxc6 24. Bb4 Bb7 25. f3 Kh8 26. e4 Rad8 27. Rd2
f5 28. e5 h6 29. Rg1 Rd7 30. Bc5 f4 31. Bc2 Red8 32. Bg6 Rg8 33. g3 fxg3 34.
hxg3 Bc8 35. g4 Rdd8 36. Bf7 Rgf8 37. Bxf8 Rxf8 38. Bg6 Bd7 39. Rc2 Rb8 40. f4
Kg8 41. g5 hxg5 42. Rxg5 Kf8 43. Rh5 Rb5 44. Rc5 Rb2+ 45. Kd3 Kg8 46. Bh7+ Kf7
47. Be4 Kg8 48. Bxc6 Bxc6 49. Rxc6 Kf7 50. Rxa6 Kg6 51. Rg5+ Kh6 52. Rxe6+ Kh7
53. Rh5+ Kg8 54. a6 Kf7 55. Rc6 Ra2 56. e6+ Ke7 57. Rh7 1-0

[Event "Let's Play Chess!"]
[Site "http://www.queenalice.com/game.php?id=636128"]
[Date "2009.8.14"]
[Round "-"]
[White "Krajnicov"]
[Black "TioKekanha"]
[Result "0-1"]
[WhiteElo "1540"]
[BlackElo "1602"]

1. e4 e5 2. Qf3 Nf6 3. Bc4 Nc6 4. g4 Nd4 5. Qd3 Nxg4 6. c3 Ne6 7. Nf3 d6 8. h3
Nf6 9. h4 Nf4 10. Qc2 Bd7 11. Bb3 Bb5 12. c4 Bc6 13. c5 dxc5 14. Qc4 Qe7 15. Ng5
Ne6 16. d3 Nxg5 17. hxg5 Nd7 18. Na3 Nb6 19. Qc2 Qd7 20. Rh3 Qxh3 21. Be3 Qh1+
22. Ke2 Qh5+ 23. f3 Qh2+ 24. Bf2 c4 25. Bxc4 Bc5 26. d4 Bxd4 27. Rf1 O-O 28. Kd3
Rad8 29. Bxd4 Rxd4+ 30. Ke3 Qxc2 31. Nxc2 Rxc4 32. Na3 Rd4 33. Rh1 Rfd8 34. Nc2
Rd2 35. Ne1 Nc4# 0-1

[Event "Challenge"]
[Site "http://www.queenalice.com/game.php?id=640023"]
[Date "2009.8.21"]
[Round "-"]
[White "Dorges"]
[Black "TioKekanha"]
[Result "1-0"]
[WhiteElo "1649"]
[BlackElo "1595"]

1. e4 e5 2. Nf3 d6 3. d4 exd4 4. Qxd4 Nc6 5. Qc3 Nf6 6. Bd3 Bg4 7. Nbd2 Bxf3 8.
Nxf3 Be7 9. h3 O-O 10. a3 d5 11. exd5 Nb8 12. Qb3 b6 13. c4 Nh5 14. Qc3 Bf6 15.
Qd2 Nd7 16. O-O Ne5 17. Nxe5 Bxe5 18. Qe2 Nf4 19. Qxe5 Nxd3 20. Qc3 Nxc1 21.
Raxc1 Qd6 22. Rce1 Rae8 23. Qb4 Qxb4 24. axb4 h6 25. b5 Rxe1 26. Rxe1 Rc8 27. b3
Kf8 28. Kf1 f6 29. Re6 Kf7 30. f4 Rd8 31. Kf2 g6 32. Kf3 h5 33. b4 g5 34. Ke4
gxf4 35. Kxf4 Kg6 36. Re7 Rc8 37. c5 bxc5 38. bxc5 f5 39. Re6+ 1-0

[Event "OHIO IX"]
[Site "http://www.queenalice.com/game.php?id=653014"]
[Date "2009.9.15"]
[Round "-"]
[White "perucona"]
[Black "TioKekanha"]
[Result "0-1"]
[WhiteElo "1643"]
[BlackElo "1709"]

1. e4 e5 2. d4 exd4 3. Qxd4 d6 4. Nf3 Nc6 5. Qd5 Be6 6. Qd2 Bg4 7. h3 Bxf3 8.
gxf3 Nf6 9. Qe2 Be7 10. f4 O-O 11. e5 dxe5 12. fxe5 Nd5 13. c4 Ndb4 14. a3 Na6
15. Rg1 Re8 16. f4 Bh4+ 17. Qf2 Bxf2+ 18. Kxf2 Qh4+ 19. Ke3 f6 20. Bd2 fxe5 21.
fxe5 Qd4+ 22. Kf3 Qxg1 23. Nc3 Nxe5+ 24. Kf4 Qf2+ 25. Kg5 Qxd2+ 26. Kf5 g6+ 27.
Kf6 Qf4# 0-1

[Event "AUTO-INT-1450"]
[Site "http://www.queenalice.com/game.php?id=653631"]
[Date "2009.9.17"]
[Round "1"]
[White "MLC"]
[Black "TioKekanha"]
[Result "0-1"]
[WhiteElo "1792"]
[BlackElo "1669"]

1. e4 e5 2. Nc3 d6 3. Bb5+ Bd7 4. Qe2 Nf6 5. Nf3 Be7 6. Bxd7+ Qxd7 7. O-O Nc6 8.
d3 O-O 9. Bg5 Nd4 10. Nxd4 exd4 11. Nd1 Ne8 12. Bxe7 Qxe7 13. c3 dxc3 14. Nxc3
Nf6 15. h3 Rfe8 16. Qf3 c6 17. b4 Rad8 18. Rfe1 a6 19. a4 Qc7 20. a5 d5 21. Rac1
dxe4 22. dxe4 Qe5 23. Rcd1 h6 24. Qe3 Nh5 25. Rxd8 Rxd8 26. g3 Nf6 27. f4 Qe7
28. e5 Nd5 29. Nxd5 Rxd5 30. Qa7 Qxb4 31. Kf2 Rxa5 32. Kf3 Qxe1 0-1

[Event "AUTO-INT-1450"]
[Site "http://www.queenalice.com/game.php?id=653632"]
[Date "2009.9.17"]
[Round "1"]
[White "TioKekanha"]
[Black "MLC"]
[Result "1-0"]
[WhiteElo "1646"]
[BlackElo "1776"]

1. e4 e5 2. d3 Nc6 3. Nf3 h6 4. Nc3 Bb4 5. Bd2 Nd4 6. Nxd4 exd4 7. Ne2 Bxd2+ 8.
Qxd2 Qf6 9. Ng3 Qe5 10. f3 d5 11. O-O-O dxe4 12. Nxe4 Nf6 13. Re1 O-O 14. Nxf6+
Qxf6 15. Re4 Bf5 16. Re1 Qa6 17. Kb1 Be6 18. b3 Rae8 19. g4 Bd5 20. Bg2 Qa3 21.
f4 Bxg2 22. Qxg2 b5 23. f5 f6 24. h4 Kf7 25. Qd5+ 1-0

[Event "AUTO-INT-1450"]
[Site "http://www.queenalice.com/game.php?id=653643"]
[Date "2009.9.17"]
[Round "1"]
[White "noopy"]
[Black "TioKekanha"]
[Result "0-1"]
[WhiteElo "1594"]
[BlackElo "1632"]

1. f4 d5 2. d4 e6 3. Nf3 Nc6 4. e3 Nf6 5. Bd3 Bd7 6. Ne5 Nxe5 7. fxe5 Ne4 8.
Bxe4 dxe4 9. O-O Bb5 10. Re1 Be7 11. a4 Bc6 12. c4 O-O 13. c5 f6 14. b4 Qe8 15.
Qg4 Bxa4 16. Qxe6+ Qf7 17. Qg4 Be8 18. Qxe4 c6 19. Rf1 Qe6 20. Nc3 Bg6 21. Qf3
fxe5 22. Qe2 exd4 23. Rxf8+ Rxf8 24. exd4 Qd7 25. Rxa7 Re8 26. b5 Bxc5 27. bxc6
Bxd4+ 28. Be3 Qxc6 29. Qb5 Bxe3+ 30. Kf1 Qxc3 31. Rxb7 Rf8+ 32. Ke2 Qd2# 0-1

[Event "AUTO-INT-1450"]
[Site "http://www.queenalice.com/game.php?id=653644"]
[Date "2009.9.17"]
[Round "1"]
[White "TioKekanha"]
[Black "noopy"]
[Result "1/2-1/2"]
[WhiteElo "1634"]
[BlackElo "1592"]

1. e4 Nc6 2. d3 e5 3. Nf3 f6 4. Nc3 a6 5. Bd2 Bd6 6. Be2 Nge7 7. Nd5 b5 8. Nxe7
Qxe7 9. O-O Bb7 10. Qe1 Nb4 11. Qc1 g5 12. Bxb4 Bxb4 13. a3 Ba5 14. b4 Bb6 15.
c4 c5 16. cxb5 cxb4 17. axb4 O-O 18. d4 exd4 19. Bd3 axb5 20. Bxb5 Qxb4 21. Rxa8
Rxa8 22. Bxd7 Bxe4 23. Bg4 d3 24. Nd2 f5 25. Bh5 Rf8 26. Nxe4 fxe4 27. Qxg5+ Kh8
28. Qe5+ Kg8 29. Qg5+ Kh8 30. Qe5+ Kg8 31. Qg5+ 1/2-1/2

[Event "AUTO-INT-1450"]
[Site "http://www.queenalice.com/game.php?id=653651"]
[Date "2009.9.17"]
[Round "1"]
[White "TioKekanha"]
[Black "genethetrucker"]
[Result "1-0"]
[WhiteElo "1750"]
[BlackElo "1559"]

1. e4 c5 2. Nf3 g6 3. d3 Bg7 4. Nc3 d6 5. Be2 Nf6 6. Bg5 O-O 7. Qd2 Nc6 8. Bh6
b6 9. Bxg7 Kxg7 10. Nd5 Be6 11. Nxf6 exf6 12. h4 h5 13. Nh2 Qd7 14. b3 Rfe8 15.
c3 d5 16. exd5 Bxd5 17. O-O Re7 18. Bf3 Rae8 19. Bxd5 Qxd5 20. Nf3 Re2 21. Qd1
Qd7 22. d4 Qf5 23. dxc5 Qxc5 24. Rc1 Rxa2 25. b4 Qc4 26. Nd4 a5 27. Nxc6 Qxc6
28. Qd4 Ree2 29. bxa5 bxa5 30. c4 a4 31. c5 a3 32. Ra1 Qe6 33. Qc3 Qg4 34. c6
Qxh4 35. Rxa2 Rxa2 36. c7 Qg4 37. c8=Q h4 38. Qxg4 g5 39. Qgc4 Rb2 40. Ra1 Rb8
41. Qxa3 Re8 42. Qa7 Re6 43. Qxe6 Kg6 44. Qaxf7+ Kh6 45. Qexf6# 1-0

[Event "AUTO-INT-1450"]
[Site "http://www.queenalice.com/game.php?id=653652"]
[Date "2009.9.17"]
[Round "1"]
[White "genethetrucker"]
[Black "TioKekanha"]
[Result "0-1"]
[WhiteElo "1600"]
[BlackElo "1710"]

1. e4 e5 2. Nf3 d6 3. Bc4 Nf6 4. d3 Be7 5. Nc3 Bg4 6. Bg5 Bxf3 7. Qxf3 c6 8. O-O
O-O 9. a3 Nbd7 10. Ne2 Ne8 11. Bd2 Ndf6 12. Qg3 Kh8 13. f4 exf4 14. Rxf4 Nh5 15.
Qg4 Nxf4 16. Nxf4 Nf6 17. Qf3 d5 18. exd5 cxd5 19. Nxd5 Nxd5 20. Bxd5 f6 21. c4
Rb8 22. Rf1 Qb6+ 23. Kh1 Qxb2 24. Bf4 Rbd8 25. Bxb7 Bxa3 26. Be4 f5 27. Bd5 Bc5
28. Qg3 Bd4 29. Be6 Qe2 30. Bd5 Rde8 31. Rb1 Bf2 32. Qg5 Qe1+ 33. Rxe1 Rxe1# 0-1

[Event "HAVAI VII"]
[Site "http://www.queenalice.com/game.php?id=656846"]
[Date "2009.9.23"]
[Round "-"]
[White "perucona"]
[Black "TioKekanha"]
[Result "0-1"]
[WhiteElo "1585"]
[BlackElo "1722"]

1. e4 e5 2. d4 exd4 3. Qxd4 d6 4. e5 Be7 5. exd6 Bxd6 6. Qe4+ Be6 7. Bb5+ c6 8.
Bc4 Nf6 9. Qe2 Nd5 10. Bxd5 cxd5 11. Nf3 O-O 12. Qd3 Re8 13. O-O Nc6 14. Nc3 d4
15. Nxd4 Nxd4 16. Qxd4 Bxh2+ 17. Kxh2 Qxd4 18. g3 Qg4 19. Kg2 Qh3+ 20. Kf3 Qxf1
21. Ne4 Qh1+ 22. Kf4 Bd5 23. Nc3 Qf3+ 24. Kg5 Re5+ 25. Kh4 Rh5# 0-1

[Event "Challenge"]
[Site "http://www.queenalice.com/game.php?id=659062"]
[Date "2009.9.27"]
[Round "-"]
[White "TioKekanha"]
[Black "thedead"]
[Result "1-0"]
[WhiteElo "1702"]
[BlackElo "1485"]

1. e4 e5 2. Nf3 Nc6 3. d3 Nf6 4. Nc3 Be7 5. Be2 d5 6. exd5 Nxd5 7. Nxd5 Qxd5 8.
O-O O-O 9. Be3 Bg4 10. Nd2 Bxe2 11. Qxe2 Rfe8 12. Qg4 Rad8 13. Ne4 a6 14. Bh6 g6
15. f4 Nb4 16. f5 Nxc2 17. Rac1 Ne3 18. Bxe3 Qxd3 19. Bf2 Rd4 20. Rfe1 Bb4 21.
Bxd4 Qxd4+ 22. Kh1 1-0

[Event "Challenge-002"]
[Site "http://www.queenalice.com/game.php?id=668842"]
[Date "2009.10.18"]
[Round "-"]
[White "House_MD"]
[Black "TioKekanha"]
[Result "0-1"]
[WhiteElo "1323"]
[BlackElo "1800"]

1. e4 e5 2. Nf3 d6 3. Bc4 Be7 4. O-O Nf6 5. Re1 O-O 6. c3 Bg4 7. h3 Bxf3 8. Qxf3
c6 9. d4 exd4 10. cxd4 Nbd7 11. Bg5 Nb6 12. Bd3 d5 13. Bxf6 Bxf6 14. e5 Bg5 15.
Qh5 Bh6 16. Re3 Qg5 17. Qxg5 Bxg5 18. Rg3 Bh6 19. Nc3 Nc4 20. Bxc4 dxc4 21. Rf1
Rad8 22. Ne2 b5 23. f4 Rde8 24. Ra3 Re7 25. g4 g6 26. f5 gxf5 27. gxf5 Kh8 28.
f6 Rc7 29. Ng3 a5 30. Rxa5 Be3+ 31. Kh2 Bxd4 32. e6 fxe6 33. f7 Rcxf7 34. Rxf7
Rxf7 35. Ra8+ Kg7 36. Ra6 Rc7 37. Ne2 e5 38. Nc3 Bxc3 39. bxc3 Kf6 40. Kg3 Kf5
41. Kf3 h5 42. Ra8 Rf7 0-1

[Event "Challenge"]
[Site "http://www.queenalice.com/game.php?id=672703"]
[Date "2009.10.26"]
[Round "-"]
[White "sivic79"]
[Black "TioKekanha"]
[Result "1-0"]
[WhiteElo "1832"]
[BlackElo "1758"]

1. g3 d5 2. Bg2 e6 3. d4 Nc6 4. Nf3 Nf6 5. a3 Be7 6. Nc3 O-O 7. Bg5 Ne4 8. Bxe7
Qxe7 9. O-O Nxc3 10. bxc3 Bd7 11. Re1 Qe8 12. e4 dxe4 13. Rxe4 Ne7 14. Re1 Bc6
15. Qd3 Bxf3 16. Bxf3 c6 17. c4 Ng6 18. d5 cxd5 19. Qd4 Qa4 20. Qb2 dxc4 21. h4
Qe8 22. Qxb7 Qa4 23. Qb2 Rab8 24. Qc3 a5 25. Re4 Rbc8 26. h5 Ne7 27. Rg4 f6 28.
Qe3 e5 29. h6 g6 30. Qa7 Kf7 31. Bd5+ Ke8 32. Qa6 Rd8 33. Bxc4 Qxc2 34. Qb5+ Rd7
35. Be6 Qc7 36. Rd1 f5 37. Rc4 Qxc4 38. Bxc4 1-0

[Event "Challenge"]
[Site "http://www.queenalice.com/game.php?id=673712"]
[Date "2009.10.28"]
[Round "-"]
[White "josealexandreschultz"]
[Black "TioKekanha"]
[Result "0-1"]
[WhiteElo "1678"]
[BlackElo "1728"]

1. e4 e5 2. Nf3 d6 3. Bc4 Nc6 4. Nc3 Be7 5. O-O Nf6 6. Ng5 O-O 7. d4 exd4 8. Ne2
Ne8 9. Nxf7 Rxf7 10. Bxf7+ Kxf7 11. Nxd4 Nxd4 12. Qxd4 Bf6 13. Qd1 Kg8 14. c3
Be6 15. Qf3 Bc4 16. b3 Bxf1 17. Kxf1 c5 18. Bb2 Qd7 19. Rb1 Rb8 20. c4 Bxb2 21.
Rxb2 Nf6 22. h3 Rf8 23. Qd3 a6 24. a3 Re8 25. f3 Qe6 26. Re2 Kh8 27. a4 Nh5 28.
Kf2 Nf4 29. Qe3 Nxe2 30. Qxe2 Qf6 31. Qc2 h6 32. Kg3 b6 33. Kh2 a5 34. Qd1 Qe5+
35. Kg1 Qd4+ 36. Qxd4 cxd4 37. Kf2 g5 38. Ke2 h5 39. g3 Rf8 40. Kf2 g4 41. hxg4
hxg4 42. f4 Rf7 43. Kg2 Kg7 44. Kf2 Kf6 45. Ke2 Rh7 46. Kf1 Rh2 0-1

[Event "Challenge"]
[Site "http://www.queenalice.com/game.php?id=673806"]
[Date "2009.10.28"]
[Round "-"]
[White "windows"]
[Black "TioKekanha"]
[Result "1-0"]
[WhiteElo "1726"]
[BlackElo "1745"]

1. e4 e5 2. Nf3 d6 3. Bc4 Nf6 4. d3 Nc6 5. c3 Be7 6. O-O O-O 7. b4 Be6 8. Bxe6
fxe6 9. Ng5 h6 10. Nxe6 Qd7 11. Nxf8 Rxf8 12. h3 b5 13. Be3 Nh7 14. Nd2 Bg5 15.
d4 Bxe3 16. fxe3 exd4 17. Rxf8+ Kxf8 18. Qf3+ Nf6 19. exd4 Kg8 20. d5 Ne5 21.
Qg3 c6 22. Rf1 cxd5 23. Rxf6 Nf7 24. exd5 Qc7 25. Ne4 Qc4 26. Rxf7 Kxf7 27.
Nxd6+ 1-0

[Event "Challenge"]
[Site "http://www.queenalice.com/game.php?id=673807"]
[Date "2009.10.28"]
[Round "-"]
[White "TioKekanha"]
[Black "windows"]
[Result "0-1"]
[WhiteElo "1742"]
[BlackElo "1737"]

1. e4 e5 2. d3 c6 3. Nf3 g6 4. Nc3 d6 5. Bg5 Be7 6. Bxe7 Nxe7 7. Be2 O-O 8. Qd2
Kg7 9. O-O f5 10. exf5 Nxf5 11. Bd1 Nd7 12. Ne4 d5 13. Nfg5 Nf6 14. Nxf6 Qxf6
15. Nf3 e4 16. dxe4 dxe4 17. Ne1 Qxb2 18. Rc1 Qxa2 19. Bg4 Be6 20. Bxf5 Rxf5 21.
Qd4+ Kg8 22. Qxe4 Raf8 23. Nd3 Bd5 24. Qe7 Qc4 25. Ne5 Qe4 26. f3 Qe3+ 27. Kh1
Rxe5 28. Qh4 Bxf3 29. gxf3 Rxf3 30. Qd8+ Kg7 0-1

[Event "Challenge"]
[Site "http://www.queenalice.com/game.php?id=675749"]
[Date "2009.11.1"]
[Round "-"]
[White "pipa"]
[Black "TioKekanha"]
[Result "1/2-1/2"]
[WhiteElo "1783"]
[BlackElo "1766"]

1. e4 e5 2. Qf3 d6 3. Nc3 Nf6 4. Bc4 Be7 5. Nd5 Nxd5 6. Bxd5 O-O 7. d3 c6 8. Bb3
Be6 9. Qg3 Kh8 10. Bxe6 fxe6 11. Qe3 Bf6 12. Nf3 Nd7 13. O-O d5 14. exd5 exd5
15. Ng5 Bxg5 16. Qg3 Bxc1 17. Raxc1 Qf6 18. c4 d4 19. f3 Nc5 20. Rcd1 a5 21.
Rfe1 Ne6 22. Rxe5 c5 23. Rde1 Rae8 24. Qg4 Nc7 25. Qg3 Rxe5 26. Rxe5 b6 27. Re1
Ne6 28. Qd6 Nf4 29. Qxf6 gxf6 30. Rd1 Re8 31. g3 Ng6 32. Kf2 Ne5 33. h4 h5 34.
Kg2 Rb8 35. a4 Rg8 36. f4 Ng4 37. Re1 Ne3+ 38. Kf2 Re8 39. Kf3 f5 40. Kf2 Ng4+
41. Kf1 Rxe1+ 42. Kxe1 Kg7 43. Ke2 Ne3 44. Ke1 Nc2+ 45. Ke2 Nb4 46. Kd2 Kf6 47.
Ke2 Ke6 48. Kd2 Kd6 49. Ke2 Nc2 50. Kd2 Ne3 51. Ke2 Ng4 52. Kf1 Ne3+ 53. Ke2 Nc2
54. Kd2 Nb4 55. Ke2 Na2 56. Kd2 Nb4 1/2-1/2

[Event "Challenge"]
[Site "http://www.queenalice.com/game.php?id=675873"]
[Date "2009.11.1"]
[Round "-"]
[White "nadigo"]
[Black "TioKekanha"]
[Result "0-1"]
[WhiteElo "1726"]
[BlackElo "1781"]

1. e4 e5 2. Nf3 d6 3. d4 exd4 4. Nxd4 Bd7 5. Nc3 Nf6 6. Bg5 Be7 7. Bc4 O-O 8.
Nf5 Re8 9. O-O Bxf5 10. exf5 Nbd7 11. Qf3 Ne5 12. Qe2 Nxc4 13. Qxc4 d5 14. Qb5
b6 15. Rad1 a6 16. Qb3 c6 17. a4 a5 18. Ne2 Nd7 19. Bf4 Bf6 20. c4 Be5 21. cxd5
Bxf4 22. Nxf4 cxd5 23. Nxd5 Rb8 24. Rc1 Nc5 25. Qc4 Re4 26. Qa2 Rxa4 27. Ne7+
Qxe7 28. Qd5 Rd8 29. Qc6 Rb4 30. Rb1 Qd7 31. Qf3 f6 32. Rfd1 Rd4 33. Rxd4 Qxd4
34. h3 Ne4 35. Re1 Ng5 36. Qe2 h6 37. Kh2 Qf4+ 38. Kg1 Qxf5 39. Qh5 Kh7 40. b3
Qg6 41. Qg4 Re8 42. Rxe8 Qxe8 43. f4 Qe3+ 44. Kh2 Nf7 45. Qg3 Qe6 46. Qf3 f5 47.
Qd3 Nd6 48. Kg3 Ne4+ 49. Kf3 Qc6 50. Ke3 Qc5+ 51. Qd4 Qxd4+ 52. Kxd4 b5 53. g4
g6 54. Ke5 Nc5 55. gxf5 gxf5 56. Kxf5 Nxb3 57. Ke5 a4 58. f5 Kg7 59. Ke6 Kf8 60.
Kf6 a3 61. Kg6 a2 62. Kxh6 a1=Q 63. Kg5 Nd4 64. f6 b4 65. Kf4 b3 66. h4 b2 67.
Kg3 b1=Q 0-1

[Event "Challenge"]
[Site "http://www.queenalice.com/game.php?id=675875"]
[Date "2009.11.1"]
[Round "-"]
[White "TioKekanha"]
[Black "nadigo"]
[Result "1-0"]
[WhiteElo "1726"]
[BlackElo "1645"]

1. e4 e5 2. d3 d5 3. exd5 Qxd5 4. Nc3 Qd8 5. Nf3 Nc6 6. Be2 Nf6 7. Bg5 h6 8.
Bxf6 Qxf6 9. Ne4 Qg6 10. O-O Bh3 11. Ng3 Bg4 12. c3 O-O-O 13. Nh4 Qg5 14. Bxg4+
Kb8 15. Nhf5 g6 16. Ne4 Qe7 17. Nxe7 Bxe7 18. Qb3 f5 19. Bf3 fxe4 20. Bxe4 Rd6
21. a4 g5 22. Bxc6 Rxc6 23. Qf7 Bd8 24. a5 Rf6 25. Qd5 Rf5 26. d4 c6 27. Qe6 Rf4
28. Qxe5+ Kc8 29. Qxh8 Rh4 30. g3 Rh5 31. Rfe1 Kc7 32. Qg7+ Kc8 33. Re8 g4 34.
Qxg4+ Kc7 35. Qxh5 Kd7 36. Rae1 b6 37. Qf5+ Kc7 38. a6 b5 39. Qf7+ Kb6 40. Qb7+
Ka5 41. Ra1# 1-0

[Event "AUTO-INT-1450"]
[Site "http://www.queenalice.com/game.php?id=692124"]
[Date "2009.12.3"]
[Round "2"]
[White "iwanikow"]
[Black "TioKekanha"]
[Result "1/2-1/2"]
[WhiteElo "1813"]
[BlackElo "1820"]

1. e4 e5 2. c4 d6 3. d3 Nf6 4. Be2 Nc6 5. Nf3 Be7 6. O-O O-O 7. Nc3 Bg4 8. Be3
Bxf3 9. Bxf3 Nd4 10. Bxd4 exd4 11. Nd5 Nxd5 12. cxd5 Bf6 13. Rc1 Be5 14. b4 Qh4
15. g3 Qe7 16. a3 f5 17. a4 f4 18. Bg2 fxg3 19. fxg3 Rxf1+ 20. Qxf1 Rf8 21. Qe2
Qd7 22. a5 c6 23. dxc6 bxc6 24. Rf1 Rxf1+ 1/2-1/2

[Event "AUTO-INT-1450"]
[Site "http://www.queenalice.com/game.php?id=692125"]
[Date "2009.12.3"]
[Round "2"]
[White "TioKekanha"]
[Black "iwanikow"]
[Result "1-0"]
[WhiteElo "1829"]
[BlackElo "1813"]

1. e4 e5 2. Nf3 d6 3. d3 Be7 4. Nc3 Nf6 5. Be2 O-O 6. Bd2 c5 7. O-O Nc6 8. Nd5
Nd4 9. Nxf6+ Bxf6 10. Nxd4 cxd4 11. Bf3 b5 12. Bg4 Bxg4 13. Qxg4 Rc8 14. f4 Rxc2
15. fxe5 dxe5 16. Bh6 Re8 17. b3 g6 18. Qf3 Re6 19. a4 b4 20. Rac1 Rxc1 21. Rxc1
Bg5 22. Rf1 f6 23. Bxg5 fxg5 24. Qf7+ Kh8 25. Qxe6 a5 26. Qf6+ Qxf6 27. Rxf6 Kg7
28. Ra6 h5 29. Rxa5 h4 30. Rxe5 Kh6 31. a5 1-0